Etické správanie predajcu ako faktor tvorby etickej klímy podniku

Nová úloha a postavenie predajcov v kontexte tvorby etickej klímy podniku. Dôležitosť manažmentu predaja v otázke systému kontroly predajcov.

Gespeichert in:
Bibliographische Detailangaben
1. Verfasser: Šveda, Lukáš
Weitere Verfasser: Štefaňák, Peter
Format: Buchkapitel
Sprache:Slowakisch
Schlagworte:
Tags: Tag hinzufügen
Keine Tags, Fügen Sie das erste Tag hinzu!

MARC

LEADER 00000nla$a2200000$$$4500
001 0147721
005 20240502072651.0
041 0 |a slo 
044 |a SK 
245 1 0 |a Etické správanie predajcu ako faktor tvorby etickej klímy podniku  |c Lukáš Šveda, Peter Štefaňák 
520 |a Nová úloha a postavenie predajcov v kontexte tvorby etickej klímy podniku. Dôležitosť manažmentu predaja v otázke systému kontroly predajcov. 
610 2 0 |a predajcovia 
610 2 0 |a etika 
610 2 0 |a etika podniková 
610 2 0 |a správanie 
100 1 |a Šveda, Lukáš 
700 1 |a Štefaňák, Peter